<?xml version="1.0" encoding="UTF-8"?>
<collection xmlns="http://www.loc.gov/MARC21/slim">
  <record>
    <leader>00000nam  2200000   4500</leader>
    <controlfield tag="001">INLIS000000000000602</controlfield>
    <controlfield tag="005">20180724135512</controlfield>
    <controlfield tag="008">180724|||||||||   |   |||   |||| ||   | </controlfield>
    <datafield tag="035" ind1=" " ind2=" ">
      <subfield code="0">010-0718000602</subfield>
    </datafield>
    <datafield tag="041" ind1=" " ind2=" ">
      <subfield code="a">id</subfield>
    </datafield>
    <datafield tag="082" ind1=" " ind2=" ">
      <subfield code="a">021</subfield>
    </datafield>
    <datafield tag="090" ind1=" " ind2=" ">
      <subfield code="a">R 021 PMI 2014</subfield>
    </datafield>
    <datafield tag="100" ind1=" " ind2=" ">
      <subfield code="a">Arminsyah</subfield>
    </datafield>
    <datafield tag="245" ind1=" " ind2=" ">
      <subfield code="a">Revitalisasi Bidang Pengawasan Dalam Pengendalian Kinerja Perkara Tindak Pidana Korupsi Pada Kejaksaan Tinggi Jawa Timur</subfield>
    </datafield>
    <datafield tag="260" ind1=" " ind2=" ">
      <subfield code="a">Jakarta</subfield>
      <subfield code="b">LAN Jakarta</subfield>
      <subfield code="c">2014</subfield>
    </datafield>
    <datafield tag="300" ind1=" " ind2=" ">
      <subfield code="a">38 hlm.</subfield>
    </datafield>
    <datafield tag="500" ind1=" " ind2=" ">
      <subfield code="a">Dalam kegiatan Proyek Perubahan ini dilakukan dengan membentuk 2 (dua) tim yaitu Tim Pengawas dan Tim Pemantau, yang kemudian dilakukan pengarahan dan diskusi untuk memahami tugas dan penyusunan SOP Pengawasan terhadap kinerja penanganan perkara korupsi. Kemudian dilakukan monitoring dan evaluasi terhadap kinerja penanganan perkara tindak pidana korupsi pada Kejaksaan TInggi Jawa Timur.</subfield>
    </datafield>
    <datafield tag="650" ind1=" " ind2=" ">
      <subfield code="a">Korupsi</subfield>
    </datafield>
  </record>
</collection>
